Fraud profiling in Malaysia / (Record no. 2184)

000 -LEADER
fixed length control field nam a22 a 4500
003 - CONTROL NUMBER IDENTIFIER
control field AKMAL
005 - DATE AND TIME OF LATEST TRANSACTION
control field 20170515150905.0
008 - FIXED-LENGTH DATA ELEMENTS--GENERAL INFORMATION
fixed length control field 170515s2007 my a e b 000 0 eng d
020 ## - INTERNATIONAL STANDARD BOOK NUMBER
International Standard Book Number 9789675091018 (pbk.)
040 ## - CATALOGING SOURCE
Original cataloging agency AKMAL
Transcribing agency AKMAL
082 04 - DEWEY DECIMAL CLASSIFICATION NUMBER
Classification number 364.16309595 FAR
Edition number 22
090 00 - LOCALLY ASSIGNED LC-TYPE CALL NUMBER (OCLC); LOCAL CALL NUMBER (RLIN)
Classification number (OCLC) (R) ; Classification number, CALL (RLIN) (NR) 364.16309595
Local cutter number (OCLC) ; Book number/undivided call number, CALL (RLIN) FRA
245 00 - TITLE STATEMENT
Title Fraud profiling in Malaysia /
Statement of responsibility, etc. Mohamad Sharofi Ismail ... [et al.]
260 ## - PUBLICATION, DISTRIBUTION, ETC.
Place of publication, distribution, etc. Kuala Lumpur :
Name of publisher, distributor, etc. Institut Integriti Malaysia,
Date of publication, distribution, etc. 2007
300 ## - PHYSICAL DESCRIPTION
Extent x, 41p. :
Other physical details ill. ;
Dimensions 23cm.
490 1# - SERIES STATEMENT
Series statement Corporate integrity framework research monograph
650 10 - SUBJECT ADDED ENTRY--TOPICAL TERM
Topical term or geographic name entry element Fraud
General subdivision Research
Geographic subdivision Malaysia
9 (RLIN) 4597
650 20 - SUBJECT ADDED ENTRY--TOPICAL TERM
Topical term or geographic name entry element Commercial crimes
General subdivision Research
Geographic subdivision Malaysia
9 (RLIN) 4598
700 0# - ADDED ENTRY--PERSONAL NAME
Personal name Mohamad Sharofi Ismail
9 (RLIN) 4599
830 #0 - SERIES ADDED ENTRY--UNIFORM TITLE
Uniform title Research monograph series in corporate integrity framework
9 (RLIN) 4600
942 ## - ADDED ENTRY ELEMENTS (KOHA)
Source of classification or shelving scheme
Koha item type Book
Holdings
Withdrawn status Lost status Source of classification or shelving scheme Damaged status Not for loan Collection code Home library Current library Shelving location Date acquired Inventory number Total Checkouts Full call number Barcode Date last seen Price effective from Koha item type
          NON-FICTION AKMAL Melaka AKMAL Melaka PINJAMAN 15.05.2017 305609   364.16309595 FAR 201706366 15.05.2017 15.05.2017 Book
Pusat Sumber Maklumat Dato' Haji Sarmin Md Hussin, Akademi Kastam Diraja Malaysia, Melaka
Tel: 06-2331106 | Faks: 06-2313787